000 00327cam a22001217a 4500
008 180718b1962 xxu||||| |||| 00| 0 eng d
082 _aD M72
100 _aModelski, George
245 _aTheory of foreign policy
_cby George Modelski
260 _aNew York
_bPraeger
_c1962
300 _a152p.
650 _aInternational relations
999 _c374037
_d374037